Fr. Conceicao Rodrigues College of Engineering

Pentium Processor Systems Architecture (Record no. 33518)

MARC details
000 -LEADER
fixed length control field 00417nam a2200181Ia 4500
082 ## - DEWEY DECIMAL CLASSIFICATION NUMBER
Classification number 004.165/AND
Item number AND
100 ## - MAIN ENTRY--PERSONAL NAME
Personal name Anderson D/ Shanley Tom
250 ## - EDITION STATEMENT
Edition statement 2
245 ## - TITLE STATEMENT
Title Pentium Processor Systems Architecture
260 ## - PUBLICATION, DISTRIBUTION, ETC.
Name of publisher, distributor, etc. Mindshare Addison Wesley
Date of publication, distribution, etc. 1995
366 ## - TRADE AVAILABILITY INFORMATION
Publishers's discount category 10
300 ## - PHYSICAL DESCRIPTION
Extent 432
546 ## - LANGUAGE NOTE
Language note ENGLISH
650 ## - SUBJECT ADDED ENTRY--TOPICAL TERM
Topical term or geographic name entry element Pentium Processor
654 ## - SUBJECT ADDED ENTRY--FACETED TOPICAL TERMS
Focus term pentium processor
942 ## - ADDED ENTRY ELEMENTS (KOHA)
Koha item type BOOK
Holdings
Withdrawn status Lost status Damaged status Not for loan Collection Home library Current library Date acquired Source of acquisition Cost, normal purchase price Inventory number Total Checkouts Full call number Barcode Date last seen Date last checked out Cost, replacement price Price effective from Koha item type Total Renewals
        CRC Fr. Agnel's C.Rodrigues College of Engineering AGNEL TECHNICAL COLLEGE LIBRARY 17/03/2023 Chemtech Books Pvt.Ltd. 1717.50   3 004.165/AND AND 17891 10/11/2025 14/10/2025 1727.50   BOOK 1
        CRC Fr. Agnel's C.Rodrigues College of Engineering Fr. Agnel's C.Rodrigues College of Engineering 17/03/2023 Chemtech Books Pvt.Ltd. 1717.50 8063 dt 24/09/2007 1 004.165/AND AND 17889 07/02/2025 19/08/2024 1727.50   BOOK  
        CRC Fr. Agnel's C.Rodrigues College of Engineering Fr. Agnel's C.Rodrigues College of Engineering 17/03/2023 Chemtech Books Pvt.Ltd. 1717.50     004.165/AND AND 17890 17/03/2023   1727.50   BOOK